[Event "Spassky-Fischer, Reykjavik 1972 Match"]
[Site "SchemingMind.com"]
[Date "2012.03.22"]
[Round "-"]
[White "emvarela"]
[Black "reo"]
[Result "0-1"]
[WhiteCountry "ARG"]
[BlackCountry "THA"]
[WhiteElo "1740"]
[WhiteRD "47"]
[BlackElo "1834"]
[BlackRD "85"]
[GameID "305884"]

1. e4 e5 2. Nf3 Nc6 3. Bb5 a6 4. Bxc6 dxc6 5. O-O f6 6. d4 exd4 7. Nxd4 c5 8. Nb3 Qxd1 9. Rxd1 Bd7 10. Bf4 O-O-O
11. Nc3 c6 12. Bd6 Bxd6 13. Rxd6 b6 14. Rad1 Ne7 15. Na4 Kc7 16. Naxc5 bxc5 17. Nxc5 Bc8 18. Rxd8 Rxd8 19. Rxd8 Kxd8 20. c4 Kc7
21. b3 Kb6 22. Na4+ Ka5 23. a3 Bd7 24. Nc5 Be8 25. Nb7+ Kb6 26. Nd6 Bd7 27. b4 c5 28. f4 cxb4 29. axb4 a5 30. bxa5+ Kxa5
31. h3 Nc8 32. e5 Nxd6 33. exd6 Kb4 34. Kf2 Kxc4
0-1

[Event "Spassky-Fischer, Reykjavik 1972 Match"]
[Site "SchemingMind.com"]
[Date "2012.03.22"]
[Round "-"]
[White "reo"]
[Black "emvarela"]
[Result "1-0"]
[WhiteCountry "THA"]
[BlackCountry "ARG"]
[WhiteElo "1791"]
[WhiteRD "93"]
[BlackElo "1778"]
[BlackRD "48"]
[GameID "305887"]

1. Nf3 d5 2. g3 c5 3. Bg2 Nc6 4. d4 Nf6 5. O-O e6 6. c4 Be7 7. cxd5 exd5 8. dxc5 Bxc5 9. a3 Qb6 10. Nc3 Be6
11. Na4 Qb5 12. Nxc5 Qxc5 13. b4 Qe7 14. b5 Na5 15. Bd2 Nc4 16. Bb4 Qd7 17. a4 a6 18. bxa6 Rxa6 19. Ra2 b5 20. Nd4 bxa4
21. Qc2 Qb7 22. Rb1 Qa7 23. e3 g6 24. Bf1 Kd7 25. Nxe6 fxe6 26. Bxc4 dxc4 27. Rd1+ Ke8 28. Qxc4 Nd5 29. Qc8+
1-0

[Event "Spassky-Fischer, Reykjavik 1972 Match"]
[Site "SchemingMind.com"]
[Date "2012.03.23"]
[Round "-"]
[White "ray winteringham"]
[Black "NebAnphu"]
[Result "0-1"]
[WhiteCountry "ENG"]
[BlackCountry "POL"]
[WhiteElo "1553"]
[WhiteRD "69"]
[BlackElo "1952"]
[BlackRD "171"]
[GameID "306258"]

1. e4 e6 2. d4 d5 3. exd5 exd5 4. Nc3 c6 5. Bd3 Bd6 6. Be3 Ne7 7. Qd2 Qc7 8. g3 Bf5 9. O-O-O O-O 10. a3 Re8
11. Bg5 f6 12. Be3 Nd7 13. f4 b5 14. b4 a5 15. Na2 Bxd3 16. cxd3 axb4 17. axb4 Ra3 18. Qb2 Rea8 19. Nc3 Nf5 20. Kd2 Nf8
21. Nge2 Qe7 22. Bf2 Bxb4 23. Rc1 Ra2
0-1

[Event "Spassky-Fischer, Reykjavik 1972 Match"]
[Site "SchemingMind.com"]
[Date "2012.03.23"]
[Round "-"]
[White "NebAnphu"]
[Black "ray winteringham"]
[Result "1-0"]
[WhiteCountry "POL"]
[BlackCountry "ENG"]
[WhiteElo "1952"]
[WhiteRD "171"]
[BlackElo "1553"]
[BlackRD "69"]
[GameID "306261"]

1. d4 d5 2. Nf3 Nc6 3. e3 Bg4 4. Be2 e6 5. Nbd2 Bd6 6. h3 Bxf3 7. Bxf3 Nf6 8. O-O Qd7 9. c3 O-O-O 10. e4 Ne7
11. e5 Bxe5 12. dxe5 Nfg8 13. Re1 Nh6 14. Qe2 f5 15. exf6 gxf6 16. Qxe6 Qxe6 17. Rxe6 Neg8 18. Nb3 Nf7 19. Bf4 Nd6 20. Bxd6 Rxd6
21. Rxd6 cxd6 22. Bxd5 Ne7 23. Bf3 Rg8 24. Re1 Ng6 25. Nd4 Kd7 26. Kf1 Kc7 27. g3 Ne5 28. Bd5 Re8 29. f4
1-0

[Event "Spassky-Fischer, Reykjavik 1972 Match"]
[Site "SchemingMind.com"]
[Date "2012.03.26"]
[Round "-"]
[White "docjan"]
[Black "John Galvin"]
[Result "0-1"]
[WhiteCountry "SWE"]
[BlackCountry "USA"]
[WhiteElo "2298"]
[WhiteRD "59"]
[BlackElo "2378"]
[BlackRD "60"]
[GameID "306495"]

1. d4 Nf6 2. c4 g6 3. Nf3 Bg7 4. Bf4 d5 5. e3 O-O 6. Be2 c5 7. O-O cxd4 8. exd4 Nc6 9. Nc3 dxc4 10. Bxc4 Na5
11. Bd3 Bg4 12. h3 Bxf3 13. Qxf3 Qxd4 14. Rfd1 Qb6 15. Rd2 Rad8 16. Rad1 Nc6 17. Be3 Qc7 18. Bf1 a6 19. g3 Rxd2 20. Rxd2 Rd8
21. Rxd8+ Nxd8 22. Bg2 Nc6 23. Qe2 e6 24. Qd2 Ne7 25. b3 Qd7 26. Qxd7 Nxd7 27. Bd2 Bxc3 28. Bxc3 Nd5 29. Bb2 Kf8 30. f4 Ke7
31. Ba3+ Kd8 32. Kf2 Kc7 33. Bxd5 exd5 34. Ke3 Nf6 35. g4 Ne4 36. Kd4 Kc6 37. Bc1 Kd6 38. Be3 f6 39. b4 Ke6 40. a4 f5
41. g5 Kd6 42. Kd3 Kc6 43. Bd4 Nd6 44. Kc3 Ne8 45. Kd3 Nc7 46. Be5 Ne6 47. a5 Kb5 48. Kc3 d4+ 49. Kd3 Kxb4
0-1

[Event "Spassky-Fischer, Reykjavik 1972 Match"]
[Site "SchemingMind.com"]
[Date "2012.03.25"]
[Round "-"]
[White "John Galvin"]
[Black "docjan"]
[Result "0-1"]
[WhiteCountry "USA"]
[BlackCountry "SWE"]
[WhiteElo "2325"]
[WhiteRD "59"]
[BlackElo "2352"]
[BlackRD "61"]
[GameID "306498"]

1. e4 c5 2. Nf3 Nc6 3. Bb5 g6 4. O-O Bg7 5. Re1 Nf6 6. e5 Nd5 7. Nc3 Nc7 8. Bxc6 dxc6 9. Ne4 b6 10. Nf6+ Kf8
11. Ne4 Bg4 12. d3 Bxe5 13. Nxe5 Bxd1 14. Bh6+ Kg8 15. Nxc6 Bxc2 16. Nxd8 Rxd8 17. b4 Nd5 18. bxc5 f6 19. d4 Kf7 20. Bd2 Bxe4
21. Rxe4 Rd7 22. Rh4 h5 23. cxb6 Ra8 24. Rb1 axb6 25. Rb2 Rda7
0-1

[Event "Spassky-Fischer, Reykjavik 1972 Match"]
[Site "SchemingMind.com"]
[Date "2012.03.26"]
[Round "-"]
[White "Majoanis"]
[Black "Scooter"]
[Result "1-0"]
[WhiteCountry "CAN"]
[BlackCountry "USA"]
[WhiteElo "1887"]
[WhiteRD "54"]
[BlackElo "1737"]
[BlackRD "53"]
[GameID "306676"]

1. Nf3 Nf6 2. c4 e6 3. d4 d5 4. Nc3 c6 5. g3 Bb4 6. Bg2 Ne4 7. Qd3 Qa5 8. Bd2 Nxd2 9. Nxd2 O-O 10. O-O Bxc3
11. Qxc3 Qxc3 12. bxc3 Nd7 13. e4 dxe4 14. Nxe4 Nb6 15. Nd2 Rd8 16. a4 Nd7 17. a5 Nf6 18. a6 h6 19. Nb3 bxa6 20. Nc5 Rb8
21. Bxc6 Rd6 22. Bg2 Nd7 23. Nxd7 Rxd7 24. Rfb1 Rxb1+ 25. Rxb1 Rc7 26. c5 Bd7 27. Rb7 Rxb7 28. Bxb7 Bb5 29. c6 a5 30. c7 Bd7
31. c8=Q+ Bxc8 32. Bxc8 a4 33. Ba6
1-0

[Event "Spassky-Fischer, Reykjavik 1972 Match"]
[Site "SchemingMind.com"]
[Date "2012.03.26"]
[Round "-"]
[White "Scooter"]
[Black "Majoanis"]
[Result "0-1"]
[WhiteCountry "USA"]
[BlackCountry "CAN"]
[WhiteElo "1737"]
[WhiteRD "53"]
[BlackElo "1887"]
[BlackRD "54"]
[GameID "306678"]

1. d4 Nf6 2. Bf4 e6 3. h3 c5 4. e3 b6 5. c3 Bb7 6. Nf3 Be7 7. Be2 O-O 8. O-O d6 9. Nbd2 Nbd7 10. Rc1 Rc8
11. Qa4 a6 12. Qc2 cxd4 13. exd4 h6 14. Rfe1 Re8 15. Nc4 Nf8 16. Qb3 Bd5 17. Qb4 Bxc4
0-1

[Event "Spassky-Fischer, Reykjavik 1972 Match"]
[Site "SchemingMind.com"]
[Date "2012.04.01"]
[Round "-"]
[White "ajswegiel"]
[Black "Adrian Grajczak"]
[Result "0-1"]
[WhiteCountry "POL"]
[BlackCountry "POL"]
[WhiteElo "2154"]
[WhiteRD "99"]
[BlackElo "2119"]
[BlackRD "64"]
[GameID "307083"]

1. d4 Nf6 2. c4 e6 3. Nc3 Bb4 4. e3 c5 5. Bd3 O-O 6. Ne2 Nc6 7. O-O cxd4 8. exd4 d5 9. c5 b6 10. Bb5 Bb7
11. Na4 bxc5 12. a3 Ba5 13. Nxc5 Qc7 14. Qc2 Qd8 15. Qd1 Qb6 16. Qa4 a6 17. Bd3 Qa7 18. Bg5 Rfc8 19. Bxf6 gxf6 20. Rac1 Bb6
21. b4 a5 22. b5 Ne7 23. Rc3 Rc7 24. Qc2 f5 25. a4 Rac8 26. Rc1 Ng6 27. Ng3 e5 28. Bxf5 exd4 29. Bxc8 Bxc8 30. Rf3 Rxc5
31. Qd2 Rxc1+ 32. Qxc1 Bg4 33. Rd3 Qe7 34. h3 Ne5 35. Rb3 Bd7 36. Qh6 Qe6 37. Qg5+ Ng6 38. Nh5 Qe1+ 39. Kh2 Qxf2 40. Rf3 Bc7+
0-1

[Event "Spassky-Fischer, Reykjavik 1972 Match"]
[Site "SchemingMind.com"]
[Date "2012.04.01"]
[Round "-"]
[White "Adrian Grajczak"]
[Black "ajswegiel"]
[Result "0-1"]
[WhiteCountry "POL"]
[BlackCountry "POL"]
[WhiteElo "2126"]
[WhiteRD "65"]
[BlackElo "2187"]
[BlackRD "100"]
[GameID "307086"]

1. e4 e6 2. d3 d5 3. Nd2 Nf6 4. Ngf3 c5 5. g3 Nc6 6. Bg2 g6 7. O-O Bg7 8. Nh4 O-O 9. f4 b5 10. e5 Nd7
11. a4 b4 12. Nc4 f6 13. exf6 Nxf6 14. Ne3 Qd6 15. Bd2 Ba6 16. Rb1 Rae8 17. Re1 Re7 18. b3 Rfe8 19. Bc1 e5 20. Nf1 Bc8
21. Bb2 exf4 22. Rxe7 Rxe7 23. gxf4 Qxf4 24. Bxf6 Qxf6 25. Bxd5+= Kh8 26. Qf3 Qd4+ 27. Kh1 Bg4 28. Qg2 Re2
0-1

[Event "Spassky-Fischer, Reykjavik 1972 Match"]
[Site "SchemingMind.com"]
[Date "2012.03.31"]
[Round "-"]
[White "wiktor"]
[Black "lipekhetman"]
[Result "0-1"]
[WhiteCountry "POL"]
[BlackCountry "POL"]
[WhiteElo "1580"]
[WhiteRD "76"]
[BlackElo "2023"]
[BlackRD "79"]
[GameID "307087"]

1. c4 Nf6 2. Nc3 e6 3. a3 d5 4. Qa4+ Bd7 5. Qb3 Nc6 6. e3 Bd6 7. Nf3 O-O 8. cxd5 exd5 9. Nxd5 Nxd5 10. Qxd5 Be6
11. Qe4 Qf6 12. Bd3 g6 13. Qh4 Qg7 14. Be4 Be7 15. Qg3 Bd6 16. Qg5 f5 17. O-O fxe4
0-1

[Event "Spassky-Fischer, Reykjavik 1972 Match"]
[Site "SchemingMind.com"]
[Date "2012.04.02"]
[Round "-"]
[White "John Hamer"]
[Black "smothered mate"]
[Result "1/2-1/2"]
[WhiteCountry "ENG"]
[BlackCountry "POL"]
[WhiteElo "1982"]
[WhiteRD "64"]
[BlackElo "1936"]
[BlackRD "62"]
[GameID "307226"]

1. d4 d5 2. Nf3 e6 3. c4 c5 4. cxd5 exd5 5. g3 Nc6 6. Nc3 c4 7. Bg2 Bb4 8. O-O Nge7 9. Bd2 O-O 10. a3 Ba5
11. b3 cxb3 12. Qxb3 Bb6 13. e3 Na5 14. Qa2 Bf5 15. Ne5 Be6 16. Rac1 f6 17. Nd3 Nc4 18. Nf4 Bf7 19. Ncxd5 Nxd2 20. Nxe7+ Qxe7
21. Qxd2 Qxa3 22. Bxb7 Rad8 23. Be4 Rfe8 24. Bc6 Re7 25. Rfd1 Rc7 26. d5 g5 27. Ne2 Qd6 28. Nd4 Qe5 29. Nb5 Rxc6 30. Rxc6 Rxd5
31. Rc8+ Kg7 32. Nd4 Bh5 33. Ra1 Bxd4 34. exd4 Rxd4 35. Qc3 Bg4 36. Rc7+ Kh6 37. f3 Bh3 38. Re1 Qd5 39. Rxa7 Kg6 40. Qc7 Bd7
41. Qc2+ Bf5 42. Qe2 Bd7 43. Qc2+=
1/2-1/2

[Event "Spassky-Fischer, Reykjavik 1972 Match"]
[Site "SchemingMind.com"]
[Date "2012.04.02"]
[Round "-"]
[White "smothered mate"]
[Black "John Hamer"]
[Result "0-1"]
[WhiteCountry "POL"]
[BlackCountry "ENG"]
[WhiteElo "1936"]
[WhiteRD "62"]
[BlackElo "1982"]
[BlackRD "64"]
[GameID "307228"]

1. e4 c6 2. d4 d5 3. exd5 cxd5 4. c4 Nf6 5. Nc3 e6 6. Nf3 Bb4 7. Bd3 dxc4 8. Bxc4 O-O 9. O-O Nbd7 10. Bg5 h6
11. Be3 Nb6 12. Bd3 Nbd5 13. Rc1 b6 14. Ne4 Nxe4 15. Bxe4 Ba6 16. Bd3 Bxd3 17. Qxd3 Bd6 18. Ne5 Qh4 19. Nf3 Qf6 20. Qe4 Rac8=
21. Bd2 Rfd8 22. Rfd1 a6 23. Ne5 Re8 24. g4 Red8 25. f4 Qh4 26. Bc3 f6 27. Be1 Rxc1 28. Rxc1 Qh3 29. Nd3 Qxg4+ 30. Bg3 Kf7
31. Kf2 Qg6 32. Qf3 Kg8 33. Rc6 Qe8 34. Rc1 Qa4 35. Qe4 Kh8 36. a3 f5 37. Qf3 Qxd4+ 38. Kg2 Ne3+
0-1

[Event "Spassky-Fischer, Reykjavik 1972 Match"]
[Site "SchemingMind.com"]
[Date "2012.04.06"]
[Round "-"]
[White "Delenn"]
[Black "e_safarz"]
[Result "0-1"]
[WhiteCountry "INT"]
[BlackCountry "CAN"]
[WhiteElo "1768"]
[WhiteRD "251"]
[BlackElo "2443"]
[BlackRD "66"]
[GameID "307601"]

1. d4 Nf6 2. Nf3 e6 3. Bg5 d5 4. e3 Nbd7 5. Nbd2 Be7 6. Bd3 c5 7. c3 b6 8. Ne5 Nxe5 9. dxe5 Nd7 10. Bxe7 Qxe7
11. f4 Bb7 12. O-O O-O-O 13. Qe2 f6 14. exf6 gxf6 15. e4 d4 16. a4 Nb8 17. a5 dxc3 18. bxc3 Qd6 19. Rf3 b5 20. c4 Qd4+
0-1

[Event "Spassky-Fischer, Reykjavik 1972 Match"]
[Site "SchemingMind.com"]
[Date "2012.04.06"]
[Round "-"]
[White "e_safarz"]
[Black "Delenn"]
[Result "1/2-1/2"]
[WhiteCountry "CAN"]
[BlackCountry "INT"]
[WhiteElo "2443"]
[WhiteRD "66"]
[BlackElo "1768"]
[BlackRD "251"]
[GameID "307608"]

1. d4 d5 2. c4 e6 3. Nf3 c5 4. cxd5 exd5 5. g3 Nc6 6. Bg2 Nf6 7. O-O Be7 8. Nc3 O-O 9. Bg5 c4 10. Ne5 Be6
11. b3 h6 12. Bf4 cxb3 13. Nxc6 bxc6 14. axb3 Qd7 15. Na4 Rfe8 16. Qd3 g5 17. Bd2 Bh3 18. f3 Bxg2 19. Kxg2 Bd6 20. Rac1 Re6
21. Nc5 Bxc5 22. Rxc5 Rae8 23. Re1 Qe7 24. Kf1 g4= 25. Rcc1 h5 26. b4 Kg7 27. Ra1 h4 28. gxh4 gxf3 29. exf3 Nh5 30. Qf5 Qxh4
31. Rxe6 Rxe6 32. Qg4+ Qxg4 33. fxg4 Nf6 34. h3 Ne4 35. Be3 Re7 36. Kg2 Rb7 37. Ra4 Nc3 38. Ra6 Rxb4 39. Rxc6 Ne2 40. Rd6 Nxd4
41. Rxd5 Rb2+ 42. Bf2 Nb5 43. Rd8 a5 44. Ra8 Ra2 45. Kg3 Kh7 46. h4 a4 47. h5 a3 48. Bc5 Ra1 49. Be7 Rg1+ 50. Kh3 Nc7
51. Rxa3 Nd5 52. Bd6 f5 53. gxf5 Rf1 54. Kh4 Rxf5 55. Kg4 Rf1 56. Kg5 Rg1+ 57. Bg3 Ne7 58. Kg4 Ng8 59. Ra7+ Kh6 60. Ra6+ Kh7
61. Kh4 Rh1+ 62. Kg5 Rg1 63. Ra7+ Kh8 64. Kh4 Rh1+ 65. Kg4 Rg1 66. Kf3=
1/2-1/2

[Event "Spassky-Fischer, Reykjavik 1972 Match"]
[Site "SchemingMind.com"]
[Date "2012.04.08"]
[Round "-"]
[White "Iucounu"]
[Black "Timaeus"]
[Result "0-1"]
[WhiteCountry "ENG"]
[BlackCountry "JPN"]
[WhiteElo "1332"]
[WhiteRD "49"]
[BlackElo "1350"]
[BlackRD "64"]
[GameID "307709"]

1. e4 Nc6 2. d4 d5 3. e5 f6 4. exf6 Nxf6 5. Bb5 Bd7 6. c3 a6 7. Ba4 b5 8. Bc2 e6 9. Bg5 g6 10. Qf3 Bg7
11. a4 O-O 12. Ne2 b4 13. O-O a5 14. Bd3 e5 15. Bxf6 Bxf6 16. cxb4 Nxb4 17. b3 e4 18. Bxe4 dxe4 19. Qxe4 Bc6 20. Nd2 Bxe4
21. Nxe4 Nc2 22. Rac1 Nxd4 23. Nxd4 Qxd4 24. Nxf6+ Rxf6 25. Rxc7 Raf8 26. Rc2 Qd3 27. Rb2 Qc3 28. Rbb1 Qc2
0-1

[Event "Spassky-Fischer, Reykjavik 1972 Match"]
[Site "SchemingMind.com"]
[Date "2012.04.09"]
[Round "-"]
[White "Timaeus"]
[Black "Iucounu"]
[Result "1-0"]
[WhiteCountry "JPN"]
[BlackCountry "ENG"]
[WhiteElo "1350"]
[WhiteRD "64"]
[BlackElo "1332"]
[BlackRD "49"]
[GameID "307713"]

1. d4 d5 2. Bf4 Bf5 3. e3 e6 4. Bd3 Bg6 5. Bxg6 hxg6 6. Nf3 Bd6 7. O-O Nf6 8. Bg5 Nc6 9. a3 Qd7 10. b4 O-O-O
11. Nc3 Ne4 12. Bxd8 Nxc3 13. Qd2 Ne4 14. Qd3 Kxd8 15. Rac1 f6 16. c3 a6 17. g3 b5 18. Nh4 Qf7 19. f3 Ng5 20. Nxg6 f5
21. Nxh8 Nh3+ 22. Kg2 Qh5 23. Nf7+ Qxf7 24. Kxh3 Qh5+ 25. Kg2 g5 26. h3 Kd7 27. a4 e5 28. Qxf5+ Kd8 29. dxe5 Nxe5 30. f4 Qe2+
31. Rf2 Qxe3 32. Qxg5+ Kc8 33. Qg8+ Kb7 34. Qxd5+
1-0

[Event "Spassky-Fischer, Reykjavik 1972 Match"]
[Site "SchemingMind.com"]
[Date "2012.04.08"]
[Round "-"]
[White "Marc Wakeham"]
[Black "lennart"]
[Result "1-0"]
[WhiteCountry "WLS"]
[BlackCountry "SWE"]
[WhiteElo "1513"]
[WhiteRD "78"]
[BlackElo "1557"]
[BlackRD "52"]
[GameID "307833"]

1. e4 e5 2. Nf3 Nc6 3. d4 exd4 4. c3 a6 5. Bc4 h6 6. O-O dxc3 7. Nxc3 d6 8. Ne2 Bd7 9. Be3 Qe7 10. Bd5 Nf6
11. Nc3 Nxd5 12. Nxd5 Qd8 13. Re1 f6 14. Rc1 Be6 15. Nd4 Bd7 16. Nxc6 Bxc6 17. Qc2 Qd7 18. Nb4 O-O-O 19. Nxc6 bxc6 20. Qxc6 Qxc6
21. Rxc6 Kb7 22. Rec1 Rd7 23. Kf1 Be7 24. R6c3 c5 25. Ra3 Ra8 26. Rcc3 d5 27. exd5 Rc7 28. Rab3+ Kc8 29. Rc4 Kd7 30. Rbc3 Rac8
31. Ke2 f5 32. g3 Ke8 33. Kd3 Rd7 34. Kc2 a5 35. Bxc5 Bf6 36. Re3+ Kf7 37. b3 Kg6 38. Rd3 h5 39. f4 Kh6 40. Kd2 Re8
41. Bb6 Ra8 42. a4 Be7 43. Rc7 Bb4+ 44. Ke2 Rd6 45. Bd4 Rg8= 46. Be5 Rdd8 47. Rc6+ Kh7 48. d6 Rc8 49. Rc7 Rgd8 50. Rxc8
1-0

[Event "Spassky-Fischer, Reykjavik 1972 Match"]
[Site "SchemingMind.com"]
[Date "2012.04.11"]
[Round "-"]
[White "Teagy"]
[Black "maro"]
[Result "1-0"]
[WhiteCountry "ENG"]
[BlackCountry "MEX"]
[WhiteElo "1840"]
[WhiteRD "69"]
[BlackElo "1350"]
[BlackRD "63"]
[GameID "307834"]

1. e4 e5 2. f4 exf4 3. Nf3 Nf6 4. e5 Nd5 5. c4 Nb6 6. d4 d6 7. Bxf4 d5 8. c5 Nc4 9. Bxc4 dxc4 10. Qa4+ Bd7
11. Qxc4 Be6 12. Qb5+ Nd7 13. Qxb7 Be7 14. O-O O-O 15. b3 a5 16. Nc3 Rb8 17. Qe4 g6 18. Rad1 Bf5 19. Qe1 Rb4 20. Nd5 Rb5
21. Ne3 Be4 22. Nd2 Bc6 23. Qe2 Bg5 24. d5 Bb7 25. Qxb5 Ba8 26. c6 Nb6 27. Ne4 Bxf4 28. Rxf4
1-0

[Event "Spassky-Fischer, Reykjavik 1972 Match"]
[Site "SchemingMind.com"]
[Date "2012.04.08"]
[Round "-"]
[White "lennart"]
[Black "Marc Wakeham"]
[Result "1-0"]
[WhiteCountry "SWE"]
[BlackCountry "WLS"]
[WhiteElo "1557"]
[WhiteRD "52"]
[BlackElo "1513"]
[BlackRD "78"]
[GameID "307840"]

1. e4 d6 2. Nc3 g6 3. d4 Bg7 4. Nf3 Nf6 5. h3 O-O 6. Bc4 c5 7. d5 a6 8. O-O b5 9. Be2 b4 10. Nb1 Nxe4
11. Nbd2 Nxd2 12. Bxd2 a5 13. a3 Bxb2 14. Ra2 bxa3 15. c4 Nd7 16. h4 Qb6 17. Qc2 Rb8 18. Rb1 Qb3 19. Qxb3 Rxb3 20. Bxa5 Ba6
21. Nd2 Rb7 22. h5 Rfb8 23. Bd3 Ne5 24. Bf1 Kf8 25. g3 Ke8 26. Kg2 g5 27. Be2 Kd7 28. f4 gxf4 29. gxf4 Nxc4 30. Bxc4 Bxc4
31. Nxc4
1-0

[Event "Spassky-Fischer, Reykjavik 1972 Match"]
[Site "SchemingMind.com"]
[Date "2012.04.11"]
[Round "-"]
[White "maro"]
[Black "Teagy"]
[Result "0-1"]
[WhiteCountry "MEX"]
[BlackCountry "ENG"]
[WhiteElo "1350"]
[WhiteRD "63"]
[BlackElo "1840"]
[BlackRD "69"]
[GameID "307841"]

1. d4 Nf6 2. Nc3 d5 3. Nf3 Nc6 4. e3 g6 5. Bd3 Bg7 6. O-O O-O 7. e4 dxe4 8. Bxe4 Nxe4 9. Nxe4 Bg4 10. h3 Bxf3
11. Qxf3 Nxd4 12. Qd3 e5 13. Nc5 b6 14. Ne4 h6 15. c3 Ne6 16. Qxd8 Raxd8 17. Be3 f5 18. Nd2 f4 19. f3 fxe3 20. Ne4 Rd3
21. Rfe1 Rfd8 22. Re2 Nf4 23. Ree1 h5 24. Ng5 Rd2 25. Rxe3 Rxg2+ 26. Kf1 Rxg5
0-1

[Event "Spassky-Fischer, Reykjavik 1972 Match"]
[Site "SchemingMind.com"]
[Date "2012.04.14"]
[Round "-"]
[White "Majoanis"]
[Black "e_safarz"]
[Result "0-1"]
[WhiteCountry "CAN"]
[BlackCountry "CAN"]
[WhiteElo "1777"]
[WhiteRD "54"]
[BlackElo "2434"]
[BlackRD "65"]
[GameID "308277"]

1. Nf3 Nf6 2. c4 e6 3. g3 d5 4. d4 Be7 5. Bg2 O-O 6. O-O dxc4 7. Ne5 c5 8. dxc5 Qc7 9. Nxc4 Qxc5 10. b3 Rd8
11. Nbd2 Nc6 12. Bb2 Qh5 13. e3 Qh6 14. Qe2 Bd7 15. Rfd1 Be8 16. Rac1 Nd5 17. Nf1 b5 18. Ncd2 Ndb4
0-1

[Event "Spassky-Fischer, Reykjavik 1972 Match"]
[Site "SchemingMind.com"]
[Date "2012.04.15"]
[Round "-"]
[White "e_safarz"]
[Black "Majoanis"]
[Result "1-0"]
[WhiteCountry "CAN"]
[BlackCountry "CAN"]
[WhiteElo "2434"]
[WhiteRD "65"]
[BlackElo "1777"]
[BlackRD "54"]
[GameID "308281"]

1. e4 Nf6 2. e5 Nd5 3. d4 d6 4. Nf3 Bg4 5. Be2 e6 6. O-O Be7 7. c4 Nb6 8. Nc3 O-O 9. Be3 a5 10. b3 d5
11. c5 N6d7 12. h3 Bxf3 13. Bxf3 b6 14. cxb6 Nxb6 15. Be2 N8d7 16. Rc1 Rc8 17. Ba6 Rb8 18. Nb5 c5 19. dxc5
1-0

[Event "Spassky-Fischer, Reykjavik 1972 Match"]
[Site "SchemingMind.com"]
[Date "2012.05.18"]
[Round "-"]
[White "NebAnphu"]
[Black "cnile"]
[Result "1-0"]
[WhiteCountry "POL"]
[BlackCountry "SCO"]
[WhiteElo "2086"]
[WhiteRD "118"]
[BlackElo "1463"]
[BlackRD "58"]
[GameID "310446"]

1. d4 e6 2. Nf3 d5 3. e3 c5 4. c3 Nc6 5. Bd3 Nf6 6. Nbd2 Qb6 7. O-O Bd6 8. Qe2 O-O 9. dxc5 Bxc5 10. b4 Be7
11. Bb2 Bd7 12. a3 Rac8 13. c4 dxc4 14. Nxc4 Qc7 15. Rac1 h6 16. Nce5 a6 17. Rfd1 Qb6 18. Nxd7 Nxd7 19. Bb1 Nf6 20. Ne5 Rfd8
21. Rxd8+ Rxd8 22. Nxc6 bxc6 23. Bd4 Qb5 24. Bd3 Qa4 25. Rc3 Nd5 26. Bc2 Qb5 27. Qg4 Bf6 28. Rc5 Qb8 29. Rxd5 cxd5 30. Bxf6 g5
31. Qh5 Kf8 32. Qxh6+ Ke8 33. Ba4+ Rd7 34. Qh8#
1-0

[Event "Spassky-Fischer, Reykjavik 1972 Match"]
[Site "SchemingMind.com"]
[Date "2012.05.15"]
[Round "-"]
[White "Clive Everill"]
[Black "lipekhetman"]
[Result "0-1"]
[WhiteCountry "CZE"]
[BlackCountry "POL"]
[WhiteElo "1809"]
[WhiteRD "55"]
[BlackElo "2073"]
[BlackRD "66"]
[GameID "310447"]

1. e4 c5 2. Nc3 e6 3. Nf3 Nc6 4. d4 cxd4 5. Nxd4 Nf6 6. Ndb5 Bb4 7. a3 Bxc3+ 8. Nxc3 d5 9. Bd3 dxe4 10. Nxe4 Nxe4
11. Bxe4 Qxd1+ 12. Kxd1 f5 13. Bxc6+ bxc6 14. c4 Kf7 15. Be3 e5 16. g3 Be6 17. b3 a5 18. Rc1 Rhd8+ 19. Ke2 Rdb8 20. Rc3 Rxb3
21. Rhc1 a4 22. Bc5 g5 23. f3 Rd8 24. Be3 f4 25. gxf4 exf4 26. Bc5 Bf5 27. Bb4 Rb2+ 28. Ke1 Rxh2 29. Kf1 Rdd2 30. Kg1 Rdg2+
31. Kf1 Bh3
0-1

[Event "Spassky-Fischer, Reykjavik 1972 Match"]
[Site "SchemingMind.com"]
[Date "2012.05.19"]
[Round "-"]
[White "cnile"]
[Black "NebAnphu"]
[Result "0-1"]
[WhiteCountry "SCO"]
[BlackCountry "POL"]
[WhiteElo "1464"]
[WhiteRD "56"]
[BlackElo "1979"]
[BlackRD "147"]
[GameID "310449"]

1. e4 e6 2. d4 d5 3. Nd2 Nf6 4. e5 Ne4 5. Nxe4 dxe4 6. c3 c5 7. Qg4 cxd4 8. cxd4 Qxd4 9. Be3 Bb4+ 10. Ke2 Qd3#
0-1

[Event "Spassky-Fischer, Reykjavik 1972 Match"]
[Site "SchemingMind.com"]
[Date "2012.05.15"]
[Round "-"]
[White "lipekhetman"]
[Black "Clive Everill"]
[Result "1-0"]
[WhiteCountry "POL"]
[BlackCountry "CZE"]
[WhiteElo "2073"]
[WhiteRD "66"]
[BlackElo "1809"]
[BlackRD "55"]
[GameID "310450"]

1. d4 Nf6 2. c4 e6 3. Nc3 Bb4 4. f3 O-O 5. a3 Bxc3+ 6. bxc3 Nh5 7. Nh3 f5 8. Bg5 Nf6 9. e4 fxe4 10. fxe4 Qe8
11. Bd3 b6 12. e5 h6 13. Bxf6 gxf6 14. Qg4+ Kh8 15. Qe4 f5 16. Qxa8 Nc6 17. Nf4 Qf7 18. Be2 Kg7 19. Bh5 Qg8 20. d5 Ba6
21. Nxe6+ dxe6 22. Qxc6 Kh8 23. O-O exd5 24. Qxh6+
1-0

[Event "Spassky-Fischer, Reykjavik 1972 Match"]
[Site "SchemingMind.com"]
[Date "2012.06.13"]
[Round "-"]
[White "John Hamer"]
[Black "reo"]
[Result "1-0"]
[WhiteCountry "ENG"]
[BlackCountry "THA"]
[WhiteElo "1982"]
[WhiteRD "64"]
[BlackElo "1834"]
[BlackRD "85"]
[GameID "312137"]

1. d4 Nf6 2. c4 g6 3. Nc3 Bg7 4. Nf3 O-O 5. Bf4 d6 6. e3 Nfd7 7. Be2 b6 8. O-O Re8 9. b4 c5 10. Qc2 cxb4
11. Nd5 Nc6 12. Qa4 Bb7 13. Nxb4 Na5 14. Rac1 Nb8 15. c5 d5 16. Bb5 bxc5 17. Bxe8 cxb4 18. Bc7 Bc6 19. Bxc6
1-0

[Event "Spassky-Fischer, Reykjavik 1972 Match"]
[Site "SchemingMind.com"]
[Date "2012.06.13"]
[Round "-"]
[White "reo"]
[Black "John Hamer"]
[Result "0-1"]
[WhiteCountry "THA"]
[BlackCountry "ENG"]
[WhiteElo "1834"]
[WhiteRD "85"]
[BlackElo "1982"]
[BlackRD "64"]
[GameID "312139"]

1. e4 e5 2. Nf3 Nf6 3. Nxe5 d6 4. Nf3 Nxe4 5. d4 d5 6. Bd3 Bd6 7. O-O O-O 8. c4 c6 9. c5 Bc7 10. Nc3 Bf5
11. Re1 Nd7 12. Nxe4 dxe4 13. Bxe4 Bxe4 14. Rxe4 Nxc5 15. Bg5 Qd5 16. Re7 Ne6 17. Qa4 Bd6 18. Rd7 Bxh2+
0-1

[Event "Spassky-Fischer, Reykjavik 1972 Match"]
[Site "SchemingMind.com"]
[Date "2012.06.24"]
[Round "-"]
[White "John Galvin"]
[Black "kenneth m day"]
[Result "1-0"]
[WhiteCountry "USA"]
[BlackCountry "USA"]
[WhiteElo "2329"]
[WhiteRD "66"]
[BlackElo "1775"]
[BlackRD "51"]
[GameID "312738"]

1. e4 c5 2. Nf3 d6 3. Bb5+ Nc6 4. O-O Nf6 5. e5 Nd5 6. d4 Bd7 7. c4 Nb6 8. e6 fxe6 9. dxc5 dxc5 10. Nc3 a6
11. Bxc6 Bxc6 12. Qe2 Bd7 13. Ne5 g6 14. Qf3 Qc7 15. Qf7+ Kd8 16. Bf4 Be8 17. Rad1+ Nd7 18. Qxe6 Kc8 19. Na4 Ra7 20. Nxd7 Bxd7
21. Rxd7 Qxd7 22. Nb6+
1-0